| 000 | 00686cam a22002291a 4500 | ||
|---|---|---|---|
| 001 | sa 68008777 | ||
| 003 | DLC | ||
| 005 | 20260227112536.0 | ||
| 008 | 870716s1967 ii a 000 0 hino | ||
| 010 | _asa 68008777 | ||
| 035 | _a(OCoLC)16196473 | ||
| 040 |
_aDLC _cIU _dDLC |
||
| 042 | _apremarc | ||
| 050 | 0 | 0 |
_aPK1730.4.I9 _bP8 |
| 100 | 1 | _aTivārī, Ānandī Lāla. | |
| 245 | 1 | 0 |
_aPurānī kahāniyāṁ, naī sīkheṃ / _cĀnandī Lāla Tivārī. |
| 260 |
_aNaī Dilli : _bUnesko kī ora se Neśanala Buka Trasta, Indiyā, _c1967. |
||
| 300 |
_a106 p. : _bill. ; _c19 cm. |
||
| 440 | 0 |
_aNavasākshara pustakamālā ; _v1 |
|
| 500 | _aIn Hindi. | ||
| 500 | _aRomanized record. | ||
| 999 |
_c82570 _d82570 |
||